<?xml version="1.0" encoding="UTF-8"?>
<record
    xmlns:xsi="http://www.w3.org/2001/XMLSchema-instance"
    xsi:schemaLocation="http://www.loc.gov/MARC21/slim http://www.loc.gov/standards/marcxml/schema/MARC21slim.xsd"
    xmlns="http://www.loc.gov/MARC21/slim">

  <leader>01977nam a22003017a 4500</leader>
  <controlfield tag="003">AR-RoUNCS</controlfield>
  <controlfield tag="005">20251023121708.0</controlfield>
  <controlfield tag="008">251023c20012018fr |||||r|||| 00| 0 spa d</controlfield>
  <datafield tag="022" ind1=" " ind2=" ">
    <subfield code="a">1578-4223</subfield>
  </datafield>
  <datafield tag="040" ind1=" " ind2=" ">
    <subfield code="a">AR-RoUNCS</subfield>
    <subfield code="c">AR-RoUNCS</subfield>
  </datafield>
  <datafield tag="080" ind1=" " ind2=" ">
    <subfield code="0">81'22(051)</subfield>
  </datafield>
  <datafield tag="210" ind1="0" ind2=" ">
    <subfield code="a">DeSignis</subfield>
  </datafield>
  <datafield tag="245" ind1="0" ind2="0">
    <subfield code="a">DeSignis </subfield>
    <subfield code="n">29,</subfield>
    <subfield code="p">La semiosis social ;</subfield>
    <subfield code="p">Homenaje a Eliseo Ver&#xF3;n /</subfield>
    <subfield code="c">coordinaci&#xF3;n, Lucrecia Escudero Chauvel, Marita Soto y Oscar Traversa ; con la colaboraci&#xF3;n de Paolo Fabbri.</subfield>
  </datafield>
  <datafield tag="260" ind1=" " ind2=" ">
    <subfield code="a">Paris :</subfield>
    <subfield code="b">Federaci&#xF3;n Latinoamericana de Semi&#xF3;tica,</subfield>
    <subfield code="c">2018.</subfield>
  </datafield>
  <datafield tag="300" ind1=" " ind2=" ">
    <subfield code="a">248 p. ;</subfield>
    <subfield code="c">22 cm.</subfield>
  </datafield>
  <datafield tag="310" ind1=" " ind2=" ">
    <subfield code="a">Anual</subfield>
  </datafield>
  <datafield tag="362" ind1="0" ind2=" ">
    <subfield code="a">Vol. 1 (2001)-</subfield>
  </datafield>
  <datafield tag="490" ind1="0" ind2=" ">
    <subfield code="a">DeSignis : Serie Transformaciones</subfield>
  </datafield>
  <datafield tag="520" ind1="3" ind2=" ">
    <subfield code="a">Eliseo Ver&#xF3;n ha sido el pionero de la Semi&#xF3;tica en Am&#xE9;rica Latina en la d&#xE9;cada de los a&#xF1;os 60 y ha tenido el m&#xE9;rito de abonar con su ense&#xF1;anza y sus libros un punto de vista decididamente estrat&#xE9;gico-formal  y no taxon&#xF3;mico-descriptivo, inaugurando la Sociosemi&#xF3;tica y construyendo una reflexi&#xF3;n compleja sobre las relaciones entre la discursividad social, producci&#xF3;n, circulaci&#xF3;n y recepci&#xF3;n de sentido.
Su teor&#xED;a, que se inspira en el fil&#xF3;sofo Charles S. Peirce, se vuelve fundadora de un punto de vista terciario para encarar la mutaci&#xF3;n de los dispositivos t&#xE9;cnicos, del espacio p&#xFA;blico, de las mediaciones, de los sujetos, de los discursos. Este n&#xFA;mero est&#xE1; dedicado a mostrar las transformaciones de su pensamiento, desde sus brillantes intuiciones iniciales distinguiendo sociedades medi&#xE1;ticas de las mediatizadas, hasta los problemas te&#xF3;rico-metodol&#xF3;gicos de una semi&#xF3;tica aplicada. 
</subfield>
  </datafield>
  <datafield tag="650" ind1=" " ind2="4">
    <subfield code="a">LING&#xDC;&#xCD;STICA</subfield>
    <subfield code="v">PUBLICACIONES SERIADAS</subfield>
  </datafield>
  <datafield tag="650" ind1=" " ind2="4">
    <subfield code="a">SEMI&#xD3;TICA</subfield>
    <subfield code="v">PUBLICACIONES SERIADAS</subfield>
  </datafield>
  <datafield tag="655" ind1=" " ind2=" ">
    <subfield code="v">REVISTAS</subfield>
  </datafield>
  <datafield tag="700" ind1="1" ind2=" ">
    <subfield code="a">Escudero Chauvel, Lucrecia</subfield>
    <subfield code="e">coordinadora</subfield>
  </datafield>
  <datafield tag="700" ind1="1" ind2=" ">
    <subfield code="a">Soto, Marita</subfield>
    <subfield code="e">coordinadora</subfield>
  </datafield>
  <datafield tag="700" ind1="1" ind2=" ">
    <subfield code="a">Traversa, Oscar, </subfield>
    <subfield code="d">1940-2020</subfield>
    <subfield code="e">coordinador</subfield>
  </datafield>
  <datafield tag="700" ind1="1" ind2=" ">
    <subfield code="a">Fabbri, Paolo, </subfield>
    <subfield code="d">1948-</subfield>
    <subfield code="e">colaborador</subfield>
  </datafield>
  <datafield tag="942" ind1=" " ind2=" ">
    <subfield code="2">udc</subfield>
    <subfield code="c">OG</subfield>
    <subfield code="n">0</subfield>
  </datafield>
  <datafield tag="999" ind1=" " ind2=" ">
    <subfield code="c">641</subfield>
    <subfield code="d">641</subfield>
  </datafield>
  <datafield tag="952" ind1=" " ind2=" ">
    <subfield code="0">0</subfield>
    <subfield code="1">0</subfield>
    <subfield code="2">udc</subfield>
    <subfield code="4">0</subfield>
    <subfield code="7">0</subfield>
    <subfield code="8">CG</subfield>
    <subfield code="a">ESOCIALES</subfield>
    <subfield code="b">ESOCIALES</subfield>
    <subfield code="d">2025-10-23</subfield>
    <subfield code="e">Donaci&#xF3;n 2025</subfield>
    <subfield code="l">0</subfield>
    <subfield code="o">81'22(051) D457</subfield>
    <subfield code="p">001475</subfield>
    <subfield code="r">2025-10-23 12:18:02</subfield>
    <subfield code="w">2025-10-23</subfield>
    <subfield code="y">OG</subfield>
  </datafield>
</record>
